00746nam a2200229Ia 4500003000900000008004100009040001300050040001300063041000800076100002000084100001300104245012700117250001200244260000800256260000900264300001000273490002300283490000600306942000700312999001100319952018600330IT-RoPAU120407s9999 xx 000 0 und d aIT-RoPAU cIT-RoPAU afra aJulian Alameda  co. s. b. aObras completas de S. Anselmo. Trad. por primera vez al castellano.Intrd. general, vers. Y notas por el P. Julian Alameda. aMadrid  aBAC c1952 c20 cm aB. A. C., 82, 100 v2 cBK c33d33 00102ddc406208_98200000000000071aPAULUSbPAULUSd2012-04-11l0o208.982r2012-04-11 00:00:00w2012-04-11yBKzInserito da: Anna In data: n.d. fondo: Via A.Severo 56 Progr:27627